<?xml version="1.0" encoding="UTF-8"?>
<marc:record xmlns:marc="http://www.loc.gov/MARC21/slim">
   <marc:leader>00000nam a2200000 a 4500</marc:leader>
   <marc:datafield ind1="1" ind2=" " tag="100">
      <marc:subfield code="a">Hoßfeld, Dagmar</marc:subfield>
      <marc:subfield code="4">aut</marc:subfield>
      <marc:subfield code="e">Verfasser/-in</marc:subfield>
   </marc:datafield>
   <marc:datafield ind1="0" ind2="0" tag="245">
      <marc:subfield code="a">Carlotta - Internat und Prinzenball</marc:subfield>
   </marc:datafield>
   <marc:datafield ind1="0" ind2="0" tag="245">
      <marc:subfield code="c">Dagmar Hoßfeld</marc:subfield>
   </marc:datafield>
   <marc:datafield ind1=" " ind2="1" tag="264">
      <marc:subfield code="a">Hamburg</marc:subfield>
      <marc:subfield code="b">Carlsen</marc:subfield>
      <marc:subfield code="c">2018</marc:subfield>
   </marc:datafield>
   <marc:datafield ind1="1" ind2=" " tag="490">
      <marc:subfield code="a">Carlotta</marc:subfield>
      <marc:subfield code="v">1637</marc:subfield>
   </marc:datafield>
   <marc:datafield ind1="1" ind2=" " tag="520">
      <marc:subfield code="a">Angaben aus der Verlagsmeldung

Carlotta 4: Carlotta - Internat und Prinzenball / von Dagmar Hoßfeld

Im Internat Prinzensee freuen sich schon alle auf den traditionellen Prinzenball. Carlotta kann sich allerdings noch nicht vorstellen, ein Abendkleid anzuziehen und mit einem Jungen Walzer zu tanzen. Besser gefällt ihr da schon die Foto-AG, in der sie mit Niko an einem Filmprojekt arbeitet. Mitten in die Vorbereitungen für den Ball platzt ein neuer Mitschüler, der mit seinem Auftreten für viel Gesprächsstoff sorgt. Fast alle Mädchen sind hingerissen von seinen guten Manieren. Aber Carlotta kommt das alles sehr seltsam vor ...
</marc:subfield>
   </marc:datafield>
   <marc:datafield ind1=" " ind2=" " tag="020">
      <marc:subfield code="a">9783551316370</marc:subfield>
      <marc:subfield code="9">9783551316370</marc:subfield>
   </marc:datafield>
   <marc:datafield ind1=" " ind2=" " tag="020">
      <marc:subfield code="a">3551316376</marc:subfield>
      <marc:subfield code="9">3551316376</marc:subfield>
   </marc:datafield>
   <marc:datafield ind1=" " ind2=" " tag="041">
      <marc:subfield code="a">ger</marc:subfield>
   </marc:datafield>
   <marc:datafield ind1=" " ind2=" " tag="300">
      <marc:subfield code="a">247 S.</marc:subfield>
   </marc:datafield>
</marc:record>
